00365nam a2200145Ia 450000100060000000800410000602000180004704000130006508200200007810000150009824500350011326000530014830000110020154600070021269507151103s9999||||xx |||||||||||||| ||und|| a9780231141529 cPK-LaUMT a 363.325bTAL-S aTalal Asad aOn suicide bombingcTalal Asad aNew York,USA:bCambridge University Press,c2007 a128 p. aEN